000 01942cam a22005054i 4500
003 PE-LiUPU
005 20250731172937.0
008 150623s r 000 0 d
020 _a0802805760
035 _a(Sirsi) i9780802805768
040 _aPE-LiUPU
_bspa
_cPE-LiUPU
_erda
049 _aPRUA
082 0 4 _a223.061
_bC61
_221
100 1 _aClements, Ronald E.,
_eautor.
245 1 0 _aWisdom in theology /
_cRonald E. Clements.
264 1 _aGrand Rapids, Michigan :
_bWilliam B. Eerdmans Publishing Company,
_c1992.
300 _a188 páginas ;
_c22 centímetros
336 _atext
_2rdacontent
337 _aunmediated
_2rdamedia
338 _avolume
_2rdacarrier
490 0 _aThe Didsbury Lectures
504 _aIncluye bibliografía.
505 0 _aIntroduction. -Wisdom and the world. -Wisdom and health. -Wisdom and politics. -Wisdom and the household. -Wisdom and the divine realm. -Index.
526 _aSEG42
526 _aSEG41
526 _aSEG40
526 _aSEG39
526 _aP94
526 _aP87
526 _aP86
526 _aP85
526 _aP77
526 _aP76
526 _aP35
650 0 4 _aLiteratura de la sabiduría
_xCrítica, interpretación, etc.
942 _2ddc
_cBOOK
949 _a223.061 C61
_wDEWEY
_c1
_i43848
_lCCODEBUL1
_mBUL
_r0
_sY
_tBOOK
_u2015-6-24
_xTEOLOGIA
_PP35
_0COMPRA
_o.STAFF. Colección General
949 _a223.061 C61
_wDEWEY
_c2
_i44440
_lCCODEBUL1
_mBUL
_r0
_sY
_tBOOK
_u2015-6-24
_xTEOLOGIA
_PP35
_0COMPRA
_o.STAFF. Colección General
994 _aC0
_bPEPRU
596 _a1
999 _a223.061 C61
_wDEWEY
_c21317
_i43848
_f2021-11-9
_g5
_lCCODEBUL1
_mBUL
_r0
_sY
_tBOOK
_u2015-6-24
_xTEOLOGIA
_PP35
_0COMPRA
_o.STAFF. Colección General
_d21317
999 _a223.061 C61
_wDEWEY
_c2
_i44440
_f2021-11-9
_g5
_lCCODEBUL1
_mBUL
_r0
_sY
_tBOOK
_u2015-6-24
_xTEOLOGIA
_PP35
_0COMPRA
_o.STAFF. Colección General
980 _81
_gALBERTO SANCHEZ Responsable de Automatización